Toàn cảnh dinh dưỡng thức tỉnh và hành động : Vì đâu con người hiện đại ngày càng yếu ớt hơn?

Sách nói về dinh dưỡng là chìa khóa chính yếu đối với sức khỏe con người, điều mà hầu hết chúng ta xem như dinh dưỡng hợp lý thì hóa ra không phải là như vậy, và vén màn những bí mật động trời về dinh dưỡng đã được che giấu hơn nu...

ver descrição completa

Na minha lista:
Detalhes bibliográficos
Autor principal: Campbell, T. Colin
Outros Autores: Jacobson, Howard, Trịnh Ngọc Minh (Biên dịch)
Formato: Livro
Idioma:Vietnamese
Publicado em: H. Thông tin và Truyền thông 2018
Assuntos:
Tags: Adicionar Tag
Sem tags, seja o primeiro a adicionar uma tag!
Thư viện lưu trữ: Thư viện Trường Đại học Nam Cần Thơ
LEADER 01384nam a22002177a 4500
001 NCT_59343
008 190214b xxu||||| |||| 00| 0 vie d
999 |c 2881  |d 2881 
020 |a 9786048031466  |c 300000 
082 0 4 |2 23rd ed.  |a 612.3  |b C187 
100 1 |a Campbell, T. Colin 
245 1 0 |a Toàn cảnh dinh dưỡng thức tỉnh và hành động :  |b Vì đâu con người hiện đại ngày càng yếu ớt hơn?  |c T. Colin Campbell, Howard Jacobson ; Trịnh Ngọc Minh (dịch) 
260 |a H.  |b Thông tin và Truyền thông  |c 2018 
300 |a 380 tr.  |c 24cm 
520 3 |a Sách nói về dinh dưỡng là chìa khóa chính yếu đối với sức khỏe con người, điều mà hầu hết chúng ta xem như dinh dưỡng hợp lý thì hóa ra không phải là như vậy, và vén màn những bí mật động trời về dinh dưỡng đã được che giấu hơn nữa thế kỷ qua. 
653 |a Công nghệ thực phẩm 
700 1 |a Jacobson, Howard  
700 1 |a Trịnh Ngọc Minh  |e Biên dịch 
942 |2 ddc  |c BK 
952 |0 0  |1 0  |2 ddc  |4 0  |6 612_300000000000000_C187  |7 0  |9 15488  |a 000001  |b 000001  |d 2019-02-14  |l 1  |o 612.3 C187  |p MD.14169  |r 2020-03-27  |s 2020-03-21  |v 300000.00  |w 2019-02-14  |y BK 
980 |a Thư viện Trường Đại học Nam Cần Thơ